The spatial structure of the Russian economy and the multipolar world (Record no. 8782)

MARC details
000 -LEADER
fixed length control field 03082nam a22002777u 4500
001 - CONTROL NUMBER
control field pwiiw3188
003 - CONTROL NUMBER IDENTIFIER
control field OSt
005 - DATE AND TIME OF LATEST TRANSACTION
control field 20260516120107.0
008 - FIXED-LENGTH DATA ELEMENTS--GENERAL INFORMATION
fixed length control field 121223t2012 au ||||| |||| 00| ||eng d
040 ## - CATALOGING SOURCE
Transcribing agency OSt
041 ## - LANGUAGE CODE
Language code of text/sound track or separate title eng
100 1# - MAIN ENTRY--PERSONAL NAME
Personal name Lapo, Valentina
245 10 - TITLE STATEMENT
Title The spatial structure of the Russian economy and the multipolar world
260 ## - PUBLICATION, DISTRIBUTION, ETC.
Place of publication, distribution, etc. Wien :
Name of publisher, distributor, etc. Wiener Institut für Internationale Wirtschaftsvergleiche (wiiw),
Date of publication, distribution, etc. 2012.
490 1# - SERIES STATEMENT
Series statement wiiw Balkan Observatory Working Papers
Volume/sequential designation 106
520 ## - SUMMARY, ETC.
Summary, etc. There have been several poles of development: USA, Europe, and China are formatted in the world economy. How does the multipolar world economy influence the Russian region‘s development? How does the spatial structure of Russian economy develop under the multipolar world economy? The studies based on the main results of new economic geography and gravity theory concerning the spatial concentration of production, the core and periphery formation in the economy of countries and large regions. We propose the econometric model for the study and test of the spatial concentration factors in the Russian economy. We have researched the basic macro parameters of Russian regions‘ development: output, employment, investment, and population income. Main attention has been focused on the influence of multipolar structure of world economy on the Russian economy. One more significant factor in the research has become the consequences of the world financial crises. Results of estimation give proof to significant influence of world economic poles on spatial development of Russian economy. Small changes in the world economy can cause significant shock in economy of the Russian regions: industrial production, investment, and income. The eastern and western parts of the Russian Federation have different poles of gravity. They have different reaction to the changes in world economy poles. The economy of the European regions of the country is more influenced by economy of the European Union. Pressure of the Chinese and American economy on the eastern and western regions of Russia is similar according to the direction, but differs according to the strength of influence. Nevertheless, economy of China and economy of the USA more positively influence the economy of regions of the Russian Federation. Influence of geographical position of regions is proved by gravitational variables. The hypothesis about influence of expectations concerning development of the global economy poles on macro parameters of Russian regions has found evidence. In particularly, the hypothesis concerning negative expectations connecting with the economy of the European Union and the USA has confirmed. The world financial crisis has significantly affected the Russian economy.
650 ## - SUBJECT ADDED ENTRY--TOPICAL TERM
Topical term or geographic name entry element multipolarity
650 ## - SUBJECT ADDED ENTRY--TOPICAL TERM
Topical term or geographic name entry element investment
650 ## - SUBJECT ADDED ENTRY--TOPICAL TERM
Topical term or geographic name entry element expectations
650 ## - SUBJECT ADDED ENTRY--TOPICAL TERM
Topical term or geographic name entry element crises
650 ## - SUBJECT ADDED ENTRY--TOPICAL TERM
Topical term or geographic name entry element agglomeration theory
651 ## - SUBJECT ADDED ENTRY--GEOGRAPHIC NAME
Geographic name Russia
830 #0 - SERIES ADDED ENTRY--UNIFORM TITLE
Volume/sequential designation 106
Bibliographic record control number WIIW0000140
Title of a work wiiw Balkan Observatory Working Papers
856 40 - ELECTRONIC LOCATION AND ACCESS
Uniform Resource Identifier <a href="https://wiiw.ac.at/p-3188.html">https://wiiw.ac.at/p-3188.html</a>
942 ## - ADDED ENTRY ELEMENTS (KOHA)
Koha item type Paper
Source of classification or shelving scheme Other/Generic Classification Scheme
Holdings
Withdrawn status Lost status Damaged status Not for loan Home library Current library Shelving location Date acquired Inventory number Total Checkouts Full call number Barcode Date last seen Price effective from Koha item type
        WIIW WIIW Library 12/23/2012 pwiiw3188   106 1000010003188 12/23/2012 02/05/2019 Paper
The Vienna Instiute for International Economic Studies (wiiw)